| 000 | 00392nam a22001217a 4500 | ||
|---|---|---|---|
| 008 | 160331b xxu||||| |||| 00| 0 eng d | ||
| 020 | _a9966031839 | ||
| 100 | _aNyasae, Amota Nyangera | ||
| 245 |
_aMeetings _blaw and procedure in Kenya today _cAmota Ngang'era Nyasae |
||
| 260 |
_aNairobi, Kenya _blawAfrica _c2014 |
||
| 300 | _axxxviii, 216p. | ||
| 942 |
_2lcc _cBK _hKSK780 _k.N93 2014 c.1 |
||
| 999 |
_c15912 _d15912 |
||